01154nam a2200277Ia 4500001001200000003000800012006001900020007001500039008004100054020001500095040002100110035002100131050003300152245007100185260004800256300001000304490008100314533015200395650002600547650003700573655002900610710001700639830007700656856012600733999001700859ebr10064569CaPaEBRm u cr cn|||||||||040420m20049999enk s 000 0 eng d z1845440102 aCaPaEBRcCaPaEBR a(OCoLC)55931341214aZ681.3.D53bD54 pt. 2 2004eb00aDigital Preservation in Libraries.npart 2h[electronic resource]. aBradford, England :bEmerald Group,cc2004. a43 p.1 aThe Journal of Information and Knowledge Management Systems. No.2 ;vVol. 34 aElectronic reproduction.bPalo Alto, Calif. :cebrary,d2009.nAvailable via World Wide Web.nAccess may be limited to ebrary affiliated libraries. 0aDigital preservation. 0aLibrary materialsxDigitization. 7aElectronic books.2local2 aebrary, Inc. 0aJournal of information and knowledge management systems ;vv. 34, no. 2.40uhttp://site.ebrary.com/lib/rucke/Doc?id=10064569zAn electronic book accessible through the World Wide Web; click to view c48171d48171